Statistics for Colombia Immigration By Country

Click here to take the quiz!

General Stats

  • This quiz has been taken 42 times
  • The average score is 21 of 25

Answer Stats

TotalCountry% Correct
2,87 milVenezuela
97%
73,450Chile
94%
45,450China
94%
388,670Spain
94%
801,500United States
94%
23,500Brazil
91%
59,780Mexico
91%
120,000Peru
91%
191,530Ecuador
88%
61,990Panama
88%
20,250United Kingdom
88%
17,850Argentina
85%
68,530Germany
85%
88,500Italy
85%
12,340Costa Rica
82%
71,000France
82%
27,840Nicaragua
82%
52,330Bolivia
79%
65,000Cuba
79%
19,560Russia
79%
30,000Dominican Republic
71%
79,210Haiti
68%
10,210Netherlands
68%
26,770Lebanon
59%
15,000Syria
53%

Score Distribution

Percentile by Number Answered

Percent of People with Each Score

Your Score History

You have not taken this quiz